| 000 | 01232nam a2200277Ia 4500 | ||
|---|---|---|---|
| 999 |
_c34750 _d34750 |
||
| 001 | 548 | ||
| 003 | GE_BSU | ||
| 005 | 20260421101117.0 | ||
| 008 | 181216s1999||||ge |||||||||||||| ||geo|| | ||
| 020 | _a9992818085 | ||
| 040 | _cGE_BSU | ||
| 041 | _ageo | ||
| 080 | _a006.9(075.8)+006(075.8)+519.21(075.8)+658.562(075.8) ზ–44 | ||
| 100 |
_aზედგინიძე, ი _96240 |
||
| 245 |
_bმეტროლოგიის, სტანდარტიზაციის და ხარისხის მართვის ალბათური საფუძვლები : _aსახელმძღვ. / _cი. ზედგინიძე; სტუ. |
||
| 264 |
_aთბილისი : _bტექნ. უნ-ტი-"ინფორმატიზაციის ცენტრი", _c1999. |
||
| 300 |
_a128გვ. : _b ნახ. ; _c 20სმ. |
||
| 504 | _a ბიბლიოგრ.: გვ. 123. | ||
| 541 | _h5ლ. | ||
| 653 | _aმეტროლოგია. | ||
| 653 | _aხარისხის მართვა | ||
| 653 | _aსტანდარტიზაცია | ||
| 653 | _aალბათობის თეორია | ||
| 710 |
_aსტუ. _927336 |
||
| 942 |
_cBK _2udc |
||